Por una nueva cultura de la organización del tiempo (Registro nro. 22618)

Detalles MARC
000 -LEADER
fixed length control field 00360 a2200109 4500
001 - CONTROL NUMBER
control field ART_4743
005 - DATE AND TIME OF LATEST TRANSACTION
control field 20260410161824.0
008 - FIXED-LENGTH DATA ELEMENTS--GENERAL INFORMATION
fixed length control field 260409a
100 1# - MAIN ENTRY--PERSONAL NAME
Personal name Fina Sanglás, Lluis
245 10 - TITLE STATEMENT
Title Por una nueva cultura de la organización del tiempo
773 0# - HOST ITEM ENTRY
Title Revista de trabajo
Related parts Tiempo de trabajo - Año 1, Nº 2 (may./jun. 1994)
Record control number REV4713

No hay ítems disponibles.